Adaptácia začínajúceho učiteľa ako súčasť personálnej práce v škole

Rola začínajúceho učiteľa v adaptačom procese. Adaptačné vzdelávanie začínajúcich učiteľov, ako povinná súčasť prvého roku praxe v škole alebo v školskom zariadení. Hlavné zásady adaptačného procesu. Zákon č. 317/2009 Z. z. o pedagogických zamestnancoch a odborných zamestnancoch a o zmene a doplnení...

Descrizione completa

Salvato in:
Dettagli Bibliografici
Autore principale: Valent, Marián
Natura: Capitolo di libro
Lingua:slovacco
Soggetti:
Tags: Aggiungi Tag
Nessun Tag, puoi essere il primo ad aggiungerne!!

MARC

LEADER 00000naa a2200000 4500
001 0226909
005 20231127103642.7
041 0 |a slo 
044 |a SK 
245 1 0 |a Adaptácia začínajúceho učiteľa ako súčasť personálnej práce v škole  |c Marián Valent 
520 |a Rola začínajúceho učiteľa v adaptačom procese. Adaptačné vzdelávanie začínajúcich učiteľov, ako povinná súčasť prvého roku praxe v škole alebo v školskom zariadení. Hlavné zásady adaptačného procesu. Zákon č. 317/2009 Z. z. o pedagogických zamestnancoch a odborných zamestnancoch a o zmene a doplnení niektorých zákonov. 
610 2 0 |a školstvo 
610 2 0 |a školy 
610 2 0 |a sústava výchovno-vzdelávacia 
610 2 0 |a absolventi 
610 2 0 |a učitelia 
610 2 0 |a zamestnanci 
610 2 0 |a adaptácia 
610 2 0 |a zákony 
100 1 |a Valent, Marián